मलय सुंदरी (Record no. 1241062)

MARC details
000 -LEADER
fixed length control field 00564nam a2200193Ia 4500
008 - FIXED-LENGTH DATA ELEMENTS--GENERAL INFORMATION
fixed length control field 151121s9999||||xx |||||||||||||| ||und||
082 ## - DEWEY DECIMAL CLASSIFICATION NUMBER
Classification number 833/सुरि
082 ## - DEWEY DECIMAL CLASSIFICATION NUMBER
Item number HNW-59277
100 ## - MAIN ENTRY--PERSONAL NAME
Personal name सुरी जयतिलक
245 ## - TITLE STATEMENT
Title मलय सुंदरी
260 ## - PUBLICATION, DISTRIBUTION, ETC. (IMPRINT)
Name of publisher, distributor, etc वोहरा प्रकाशन
260 ## - PUBLICATION, DISTRIBUTION, ETC. (IMPRINT)
Date of publication, distribution, etc --
300 ## - PHYSICAL DESCRIPTION
Extent 222
600 ## - SUBJECT ADDED ENTRY--PERSONAL NAME
Personal name सुरी जयतिलक
630 ## - SUBJECT ADDED ENTRY--UNIFORM TITLE
Uniform title मलय सुंदरी
700 ## - ADDED ENTRY--PERSONAL NAME
Personal name सुरी जयतिलक
730 ## - ADDED ENTRY--UNIFORM TITLE
Uniform title मलय सुंदरी
942 ## - ADDED ENTRY ELEMENTS (KOHA)
Koha item type Book
Holdings
Withdrawn status Lost status Damaged status Not for loan Home library Current library Date acquired Cost, normal purchase price Total Checkouts Full call number Barcode Date last seen Cost, replacement price Price effective from Koha item type
        Hirachand Nemchand Wachanalaya, Solapur Hirachand Nemchand Wachanalaya, Solapur 11/21/2015 60.00   HNW-59277 HNW-59277 11/21/2015 60.00 11/21/2015 Book